000 01139cam a22003377a 4500
003 CHAP
005 20220329133144.0
008 971013s1991 r 00010 d
010 _a2791
011 _a3763
035 _a2964
040 _cCHAP
090 _aTesis
100 0 0 _aLucas Gutiérrez, Alfonso Eucadio.
_968846
245 1 3 _aLa evolución de las normas de operación del seguro agrícola en México
260 _aChapingo, Méx. :
_bEl autor,
_c1991
300 _a56 h.
_b: apénd.
500 _aD47-83
502 _aTesis (Ing. Agr. Esp. en Parasitología Agrícola) -- UACH. Departamento de Parasitología Agrícola
590 _aALEPH
_b10
_c20130110
_lUCH01
_h1213
590 _aBATCH-UPD
_b10
_c20130110
_lUCH01
_h2313
590 _aBATCH-UPD
_b10
_c20130410
_lUCH01
_h1604
590 _aBATCH-UPD
_b10
_c20130914
_lUCH01
_h1735
590 _aCONVERSION
_b10
_c20130109
_lUCH01
_h1303
650 1 4 _aSeguro agrícola
_xMéxico.
_9103708
901 _aBK
942 _cFOLL
949 _bBC
_cTES
_d-12472
_eTS1
_h24651
_i2964
_si
949 _bBC
_cTES
_d-73880
_eTS2
_fc.2
_h24652
_i2964
_si
949 _bPA
_cTES
_d-4340
_eTS1
_i2964
_si
999 _c2791
_d2791